La cristiada en Colima /

-д хадгалсан:
Номзүйн дэлгэрэнгүй
Үндсэн зохиолч: Meyer, Jean (autor)
Формат: Ном
Хэл сонгох:испани
Хэвлэсэн: Colima, México : Gobierno del Estado de Colima : Universidad de Colima : CONACULTA, 1993, c1993
Нөхцлүүд:
Шошгууд: Шошго нэмэх
Шошго байхгүй, Энэхүү баримтыг шошголох эхний хүн болох!

MARC

LEADER 00000nam^a2200000^a^4500
001 000038051
005 20250521000000.0
009 20260310085449.137
037 |a Acervo ITESO - Biblioteca 
041 |a ESP 
082 |a 972. 360622  |b MEY 
100 |a Meyer, Jean  |e (autor) 
245 1 3 |a La cristiada en Colima /  |c J. Meyer. 
264 4 |a Colima, México :  |b Gobierno del Estado de Colima :  |b Universidad de Colima :  |b CONACULTA,  |c 1993, c1993 
300 |a 124 p. 
336 |a texto  |b txt  |2 rdacontenido 
337 |a sin mediación  |b n  |2 rdamedio 
338 |a volumen  |b nc  |2 rdasoporte 
649 |a XX 
650 |a Guerra Cristera 
650 |a Colima -  |x Historia -  |y Régimen Callista, 1924-1928 
650 |a México -  |x Historia -  |y Régimen Callista, 1924-1928 
650 |a México -  |x Historia -  |y Siglo XX 
910 |a Fondo General 
920 |a Impresos - Libros 
930 |a Colección General 
940 |a Guerra Cristera 
905 |a 101 
901 |a 0380510100  |b IT1  |c ACC  |i 038051  |u 20250521 
902 |a https://opac.biblio.iteso.mx/vufind/Record/000038051